[Event "Titled Tue 17th Jun Early"]
[Site "chess.com INT"]
[Date "2025.06.17"]
[Round "7"]
[White "George, Kevin"]
[Black "Myagmarsuren, Evsuld"]
[Result "1-0"]
[WhiteTitle "IM"]
[BlackTitle "FM"]
[WhiteElo "2327"]
[BlackElo "2292"]
[WhiteFideId "10669515"]
[BlackFideId "1551639"]
[EventDate "2025.06.17"]

1. c4 c6 2. Nc3 d5 3. d4 Nf6 4. Nf3 e6 5. g3 dxc4 6. Bg2 b5 7. O-O Be7 8. Ne5
Nd5 9. a4 b4 10. Ne4 Ba6 11. Qc2 b3 12. Qd1 Qc7 13. Nd2 c3 14. Nxb3 Nd7 15. Nd3
Rb8 16. Bxd5 cxd5 17. Bf4 Bd6 18. Bxd6 Qxd6 19. bxc3 O-O 20. Nbc5 Nxc5 21. Nxc5
Bc4 22. Qc2 e5 23. Rfb1 e4 24. Rxb8 Rxb8 25. Rb1 Rxb1+ 26. Qxb1 Bxe2 27. Qb7 h5
28. Qxa7 Bc4 29. Qa8+ Kh7 30. Qb7 Qf6 31. Qb2 h4 32. Qd2 h3 33. Qf4 Qb6 34. Qf5+
g6 35. Qxf7+ Kh6 36. Qf4+ Kg7 37. Qc1 Qf6 38. Qf4 Qb6 39. Qc7+ Qxc7 40. Ne6+ Kf6
41. Nxc7 Ke7 42. Nb5 Bxb5 43. axb5 Kd6 44. f3 Kc7 45. fxe4 dxe4 46. c4 Kb6 47.
Kf2 g5 48. Ke3 g4 49. Kxe4 1-0

[Event "Titled Tue 17th Jun Early"]
[Site "chess.com INT"]
[Date "2025.06.17"]
[Round "7"]
[White "Chaulagain, Purusottam"]
[Black "Carroll, Thomas"]
[Result "0-1"]
[WhiteTitle "CM"]
[WhiteElo "1952"]
[BlackElo "2131"]
[WhiteFideId "12300730"]
[BlackFideId "450111"]
[EventDate "2025.06.17"]

1. d4 Nf6 2. Nc3 d5 3. Bf4 c5 4. e3 cxd4 5. exd4 a6 6. Nf3 Nc6 7. Ne5 Bd7 8. g4
Nxe5 9. dxe5 Nxg4 10. h3 Nh6 11. Qxd5 Bc6 12. Qxd8+ Rxd8 13. Rg1 Nf5 14. e6 fxe6
15. Bd3 g6 16. Be5 Bg7 17. Bxg7 Nxg7 18. O-O-O O-O 19. Rde1 Rxf2 20. Ne4 Bxe4
21. Bxe4 Rdd2 22. Rd1 Rxd1+ 23. Kxd1 b6 24. Rg3 Nf5 25. Ra3 a5 26. Rb3 Nd6 27.
Bd3 e5 28. Rxb6 e4 29. Be2 Rh2 30. Bg4 e3 31. Rb3 e2+ 32. Bxe2 Kg7 33. Re3 Kf6
34. c4 Nf5 35. Rf3 Ke5 36. c5 Kd5 37. Rc3 Nd4 38. Ba6 Kc6 39. Bc8 e5 40. a3 e4
41. b4 axb4 42. axb4 Rb2 43. Rc4 Kd5 44. Rc3 Rxb4 45. c6 Nxc6 46. Bg4 Ne5 0-1

[Event "Titled Tue 17th Jun Early"]
[Site "chess.com INT"]
[Date "2025.06.17"]
[Round "7"]
[White "Thomforde-Toates, Noah"]
[Black "Deng, Henry"]
[Result "0-1"]
[BlackTitle "FM"]
[WhiteElo "2128"]
[BlackElo "2327"]
[WhiteFideId "30951992"]
[BlackFideId "30965454"]
[EventDate "2025.06.17"]

1. d4 Nf6 2. Nc3 d5 3. Bf4 e6 4. e3 Be7 5. Bd3 O-O 6. Nf3 c5 7. dxc5 Bxc5 8. O-O
Nc6 9. e4 h6 10. e5 Nd7 11. Qd2 f5 12. exf6 Qxf6 13. Bg3 Nde5 14. Nxe5 Nxe5 15.
Rae1 Nxd3 16. Qxd3 Bd7 17. Nxd5 exd5 18. Qxd5+ Rf7 19. Qxc5 Rc8 20. Qxa7 Bb5 21.
c3 Bxf1 22. Kxf1 Qc6 23. Qa5 b6 24. Qb4 Rd8 25. c4 Rfd7 26. h3 Rd1 27. Qc3 Rxe1+
28. Kxe1 Qxg2 29. Ke2 Qe4+ 30. Qe3 Qxc4+ 31. Ke1 Qxa2 32. Kf1 Qd5 33. Kg1 Qc6
34. Qe2 Ra8 35. Qd1 Ra5 36. Qd8+ Kh7 37. Qd3+ Qg6 38. Qd1 Qe4 39. Kh2 Rd5 40.
Qc1 b5 41. Qc6 Rd4 42. Qc1 b4 43. h4 b3 44. Kh3 Rc4 45. Qd1 Rc2 46. Qd7 Rxb2 47.
Qf7 Rb1 48. f3 Qg6 49. Qd5 Rc1 50. h5 Qb1 51. Be5 Qf5+ 52. Kg2 Rc2+ 53. Kg3 Qg5+
54. Kh3 Qxh5+ 55. Kg3 Qg5+ 56. Kh3 Qg6 57. f4 Rc1 58. Qd7 Rh1# 0-1

[Event "Titled Tue 17th Jun Early"]
[Site "chess.com INT"]
[Date "2025.06.17"]
[Round "7"]
[White "Peczely, Sebastian Zsombor"]
[Black "Willim, Michael"]
[Result "1-0"]
[WhiteTitle "FM"]
[BlackTitle "CM"]
[WhiteElo "2309"]
[BlackElo "2024"]
[WhiteFideId "750964"]
[BlackFideId "4632435"]
[EventDate "2025.06.17"]

1. e4 e6 2. d4 d5 3. Nd2 Nf6 4. e5 Nfd7 5. Bd3 c5 6. c3 Nc6 7. Ne2 cxd4 8. cxd4
f6 9. exf6 Qxf6 10. Nf3 h6 11. O-O Bd6 12. Bd2 O-O 13. Bc3 Rd8 14. Ng3 Nf8 15.
Re1 Bd7 16. a3 Be8 17. Ne5 Rac8 18. Ng4 Qh4 19. Qe2 a6 20. Ne5 Nxd4 21. Qe3 Nc6
22. Nf3 Qe7 23. Rad1 e5 24. Nf5 Qc7 25. Nxd6 Qxd6 26. Nxe5 d4 27. Bc4+ Kh8 28.
Nxc6 dxe3 29. Rxd6 Rxd6 30. Ne5 Ng6 31. Nxg6+ Bxg6 32. Bf1 exf2+ 33. Kxf2 Rf8+
34. Kg1 Kh7 35. Bb4 Rdf6 36. Bxf8 Rxf8 37. Bc4 Rc8 38. Bb3 Rc6 39. Bd5 Rc2 40.
b4 b6 41. Re6 Rc3 42. Rxb6 Rxa3 43. Bb7 Bd3 44. Kf2 Kg8 45. Ke3 Bb5+ 46. Kd4 Kf7
47. Kc5 Rc3+ 48. Kd6 Rb3 49. Bd5+ Kf6 50. Bxb3 1-0

[Event "Titled Tue 17th Jun Early"]
[Site "chess.com INT"]
[Date "2025.06.17"]
[Round "7"]
[White "Kosakowski, Jakub"]
[Black "Kovalenko, Igor"]
[Result "0-1"]
[WhiteTitle "GM"]
[BlackTitle "GM"]
[WhiteElo "2548"]
[BlackElo "2676"]
[WhiteFideId "1185080"]
[BlackFideId "14117908"]
[EventDate "2025.06.17"]

1. e4 c5 2. Nf3 Nc6 3. Bc4 e6 4. O-O Nf6 5. Re1 Be7 6. e5 Nd5 7. d4 Nb6 8. Bf1
d5 9. exd6 Qxd6 10. Be3 cxd4 11. Nxd4 Nxd4 12. Qxd4 O-O 13. Nc3 Qxd4 14. Bxd4
Bd7 15. Rad1 Bc6 16. g3 Rfc8 17. Bg2 Nc4 18. Bxc6 bxc6 19. Ne4 c5 20. Bc3 Nb6
21. Ba5 c4 22. Nc3 Bf6 23. Rd6 Bxc3 24. Bxc3 Nd5 25. Bd4 a5 26. f4 Nb4 27. c3
Nd3 28. Rb1 a4 29. Kf1 Rcb8 30. Ke2 a3 31. b3 Nb2 32. b4 h5 33. h3 Rb5 34. g4
hxg4 35. hxg4 Nd3 36. Rf1 Re8 37. Kd2 f6 38. Rc6 e5 39. fxe5 Nxe5 40. Rf4 Rd5
41. Rc5 Rd7 42. Kc2 Nd3 43. Rff5 Re2+ 44. Kd1 Rxa2 45. Rxc4 Nb2+ 46. Kc2 Nxc4+
47. Kb3 Rb2+ 48. Kxc4 a2 49. Ra5 Kf7 50. b5 Rc7+ 51. Kd5 Rxb5+ 0-1

[Event "Titled Tue 17th Jun Early"]
[Site "chess.com INT"]
[Date "2025.06.17"]
[Round "7"]
[White "Pavlov, Nikolay"]
[Black "Grover, Sahaj"]
[Result "0-1"]
[WhiteTitle "FM"]
[BlackTitle "GM"]
[WhiteElo "2316"]
[BlackElo "2465"]
[WhiteFideId "24141470"]
[BlackFideId "5021103"]
[EventDate "2025.06.17"]

1. e4 e5 2. Nf3 Nc6 3. Bc4 Nf6 4. d4 exd4 5. e5 d5 6. Bb5 Nd7 7. O-O Be7 8. c3
dxc3 9. Nxc3 Nb6 10. a4 a5 11. Be3 Be6 12. Nd4 Bd7 13. e6 fxe6 14. Bxc6 bxc6 15.
Qh5+ g6 16. Qe5 Bf6 17. Qg3 O-O 18. Nf3 Bg7 19. Bf4 Nc4 20. Bxc7 Rxf3 21. gxf3
Qf6 22. Rfe1 Rf8 23. f4 Rc8 24. Be5 Nxe5 25. fxe5 Qf8 26. Rad1 Rb8 27. Ne4 Rb4
28. b3 Qf5 29. Nc5 Rg4 30. Nxd7 h5 31. Kf1 Rxg3 32. hxg3 h4 33. gxh4 Qh3+ 34.
Kg1 Qxh4 35. Rd3 Qe7 36. Nf6+ Bxf6 37. exf6 Qxf6 38. Kg2 e5 39. Rf3 Qe6 40. Rg3
Kf7 41. Rc1 e4 42. Rc5 d4 43. Rxa5 d3 44. Ra7+ Kf6 45. Ra8 Qd5 46. Rf8+ Kg7 47.
Rf4 e3+ 48. Kh3 Qh1+ 49. Kg4 Qh5# 0-1

[Event "Titled Tue 17th Jun Early"]
[Site "chess.com INT"]
[Date "2025.06.17"]
[Round "7"]
[White "Sanal, Vahap"]
[Black "Iniyan, Pa"]
[Result "1-0"]
[WhiteTitle "GM"]
[BlackTitle "GM"]
[WhiteElo "2564"]
[BlackElo "2573"]
[WhiteFideId "6300545"]
[BlackFideId "25002767"]
[EventDate "2025.06.17"]

1. e4 c5 2. Nf3 b6 3. d4 cxd4 4. Nxd4 Bb7 5. Bd3 Nf6 6. Qe2 e5 7. Nf3 Qc7 8. c4
b5 9. O-O bxc4 10. Bxc4 Nxe4 11. Nbd2 Nxd2 12. Bxd2 Nc6 13. Ng5 O-O-O 14. Nxf7
Nd4 15. Qxe5 Qxe5 16. Nxe5 d5 17. Bd3 Bd6 18. Nf7 Rhf8 19. Nxd6+ Rxd6 20. Bb4
Rff6 21. Bxd6 Rxd6 22. Rfd1 Rb6 23. Rac1+ Kd7 24. Bxh7 Ne2+ 25. Kf1 Nxc1 26.
Rxc1 Rxb2 27. Rc2 Rb1+ 28. Ke2 Ba6+ 29. Ke3 Re1+ 30. Kd2 Rg1 31. Bf5+ Kd6 32.
Bh3 Bc4 33. Rc3 Ra1 34. a3 Ra2+ 35. Ke3 Kc5 36. Kf3 Kd4 37. Re3 Bd3 38. Be6 Rxa3
39. Kf4 Rc3 40. h4 a5 41. Rg3 a4 42. Rxg7 a3 43. Ra7 Bc4 44. h5 Rc2 45. Kg3 a2
46. h6 Rc1 47. h7 Rh1 48. Bh3 Kc5 49. h8=Q 1-0

[Event "Titled Tue 17th Jun Early"]
[Site "chess.com INT"]
[Date "2025.06.17"]
[Round "7"]
[White "Demchenko, Svitlana"]
[Black "Shafer, Logan C"]
[Result "1/2-1/2"]
[WhiteTitle "WIM"]
[BlackTitle "CM"]
[WhiteElo "2135"]
[BlackElo "2217"]
[WhiteFideId "14149893"]
[BlackFideId "30993342"]
[EventDate "2025.06.17"]

1. e4 e5 2. Nf3 Nc6 3. Bc4 Nf6 4. d3 Bc5 5. c3 O-O 6. O-O d5 7. exd5 Nxd5 8. Re1
Bg4 9. h3 Bh5 10. b4 Be7 11. b5 Na5 12. Rxe5 Nf6 13. Bb3 Bd6 14. Re1 Re8 15. Be3
c6 16. bxc6 Nxc6 17. Nbd2 Ne5 18. d4 Nxf3+ 19. Nxf3 Bc7 20. Bg5 Qd6 21. Rxe8+
Rxe8 22. g4 Nxg4 23. hxg4 Bxg4 24. Qd3 h6 25. Bh4 Bxf3 26. Qxf3 Qh2+ 27. Kf1 Rf8
28. Bg3 Qh3+ 29. Kg1 Bd8 30. Re1 h5 31. Qg2 Qg4 32. Be5 Qxg2+ 33. Kxg2 Re8 34.
f3 Bf6 35. Bg3 Rc8 36. Re3 g6 37. Rd3 h4 38. Be5 Kg7 39. Bxf6+ Kxf6 40. d5 Rd8
41. c4 Ke5 42. c5 f5 43. d6 g5 44. Bd5 b6 45. cxb6 axb6 46. Bc4 Rxd6 47. Rxd6
Kxd6 48. Bd3 Ke5 49. a4 Kf4 50. Bb5 g4 51. fxg4 fxg4 52. Bc6 Ke3 53. Bd7 Kf4 54.
Bc6 h3+ 55. Kh2 Kg5 56. Bd7 Kf4 57. Bc6 Kg5 58. Bd7 Kf4 59. Bc6 1/2-1/2

[Event "Titled Tue 17th Jun Early"]
[Site "chess.com INT"]
[Date "2025.06.17"]
[Round "7"]
[White "Stefanov, Plamen"]
[Black "Simonovic, Miroslav"]
[Result "0-1"]
[BlackTitle "CM"]
[WhiteElo "1982"]
[BlackElo "2092"]
[WhiteFideId "2900980"]
[BlackFideId "919152"]
[EventDate "2025.06.17"]

1. e4 c5 2. Nf3 Nc6 3. Bb5 g6 4. Bxc6 dxc6 5. h3 Bg7 6. d3 e5 7. Nc3 Ne7 8. Be3
b6 9. Qd2 h6 10. O-O-O Be6 11. g4 Qd7 12. Kb1 O-O-O 13. a4 Kb7 14. b3 f5 15.
exf5 gxf5 16. gxf5 Nxf5 17. Ne4 Nd4 18. Bxd4 cxd4 19. Qb4 Bf8 20. Qe1 Qc7 21.
Ned2 Bd5 22. Rg1 Bd6 23. Rg3 Rhf8 24. Nh4 e4 25. Rg6 exd3 26. cxd3 Bf4 27. Nc4
Rfe8 28. Qg1 b5 29. axb5 cxb5 30. Rg7 Rd7 31. Rxd7 Qxd7 32. Nd2 Re2 33. Nhf3
Bxf3 34. Nxf3 Qd5 35. Qg7+ Ka6 36. Nxd4 Rxf2 37. Qg6+ Bd6 38. Qe4 Qxe4 39. dxe4
Be5 40. Nf5 Rb2+ 41. Kc1 Rxb3 42. Rd5 Bf4+ 43. Kc2 Rxh3 44. Nd6 Bxd6 45. Rxd6+
Kb7 46. Rd7+ Kb6 47. Rd6+ Ka5 48. Rd7 a6 0-1

[Event "Titled Tue 17th Jun Early"]
[Site "chess.com INT"]
[Date "2025.06.17"]
[Round "7"]
[White "Ter-Sahakyan, Samvel"]
[Black "Palczert, Matyas"]
[Result "0-1"]
[WhiteTitle "GM"]
[BlackTitle "FM"]
[WhiteElo "2611"]
[BlackElo "2396"]
[WhiteFideId "13302531"]
[BlackFideId "784958"]
[EventDate "2025.06.17"]

1. d4 Nf6 2. c4 g6 3. Nc3 d5 4. cxd5 Nxd5 5. e4 Nxc3 6. bxc3 Bg7 7. Nf3 c5 8. h3
O-O 9. Be2 b6 10. Be3 Bb7 11. Qd3 Nd7 12. e5 Bxf3 13. gxf3 e6 14. h4 h5 15. f4
Rc8 16. Kf1 Qc7 17. Kg2 Rfd8 18. Qe4 Bf8 19. a4 Nb8 20. Kh3 Qc6 21. Bf3 Qxe4 22.
Bxe4 cxd4 23. cxd4 Nc6 24. Rhc1 Nb4 25. Rxc8 Rxc8 26. a5 b5 27. a6 Nd5 28. Bxd5
exd5 29. Kg2 Rc6 30. Kf3 Be7 31. f5 b4 32. f6 Bf8 33. Ke2 b3 34. Rb1 Rb6 35. Kd3
b2 36. Kc2 Ba3 37. f4 Kf8 38. Rf1 Rxa6 39. Kb3 Rb6+ 40. Ka2 Ke8 41. Rg1 Kd7 42.
f5 gxf5 43. Bd2 Ke6 44. Rb1 Bb4 45. Rxb2 Bxd2 46. Rxd2 f4 47. Rg2 Kf5 48. Rg5+
Ke4 49. Rg7 f3 50. Rxf7 f2 51. e6 f1=Q 0-1

[Event "Titled Tue 17th Jun Early"]
[Site "chess.com INT"]
[Date "2025.06.17"]
[Round "7"]
[White "Akkara, Omer"]
[Black "Popov, Tikhon"]
[Result "1-0"]
[WhiteTitle "CM"]
[BlackTitle "CM"]
[WhiteElo "2036"]
[BlackElo "2173"]
[WhiteFideId "26319802"]
[BlackFideId "24252026"]
[EventDate "2025.06.17"]

1. e4 c5 2. Nf3 e6 3. b3 b6 4. Bb2 Bb7 5. Nc3 Nc6 6. Be2 d6 7. O-O e5 8. Bc4 Be7
9. d3 Nf6 10. Nd5 Nxd5 11. Bxd5 O-O 12. a3 Kh8 13. b4 f5 14. exf5 Rxf5 15. Be4
Rf8 16. bxc5 bxc5 17. c4 Rb8 18. Rb1 Qd7 19. Bc3 Nd4 20. Bxb7 Rxb7 21. Bxd4 exd4
22. Qe2 Bd8 23. Qe4 Rxb1 24. Rxb1 Qa4 25. h3 Qxa3 26. Rb8 Qc1+ 27. Kh2 d5 28.
Qe5 Qh6 29. cxd5 Qf6 30. d6 Kg8 31. Qxc5 Qf4+ 32. Kg1 Qf7 33. Qxd4 Bf6 34. Rxf8+
Kxf8 35. Qc5 Qd7 36. Qc7 Ke8 37. Qb8+ Kf7 38. d4 a5 39. Ne5+ Bxe5 40. dxe5 a4
41. Qb4 Qa7 42. Qf4+ Ke6 43. Qg4+ Kxe5 44. d7 Qb6 45. Qg5+ Ke4 46. d8=Q Qb1+ 47.
Kh2 Qb7 48. Qde7+ 1-0

[Event "Titled Tue 17th Jun Early"]
[Site "chess.com INT"]
[Date "2025.06.17"]
[Round "7"]
[White "Zhigalko, Sergei"]
[Black "Pranav, V"]
[Result "0-1"]
[WhiteTitle "GM"]
[BlackTitle "GM"]
[WhiteElo "2572"]
[BlackElo "2595"]
[WhiteFideId "13502956"]
[BlackFideId "25060783"]
[EventDate "2025.06.17"]

1. e4 e5 2. Nf3 Nc6 3. Bc4 Nf6 4. d3 Be7 5. O-O O-O 6. Nbd2 d6 7. c3 Be6 8. Re1
h6 9. h3 a5 10. Bb5 Bd7 11. Nf1 Re8 12. Ng3 Bf8 13. Bc4 Be6 14. Bb5 Bd7 15. a4
Ne7 16. Bc4 c6 17. Bb3 Ng6 18. d4 Qc7 19. Be3 Rad8 20. Qc2 Bc8 21. Rad1 b5 22.
Ba2 bxa4 23. Qxa4 Bd7 24. dxe5 dxe5 25. Bc4 Rb8 26. Qa2 Be6 27. Bxe6 fxe6 28.
Rd2 Kh7 29. Red1 Rb5 30. Qc4 Qb7 31. Rd8 Rxd8 32. Rxd8 Be7 33. Rd1 Nf8 34. Bc1
N6d7 35. Qd3 Nc5 36. Qe2 Nb3 37. Be3 Nc5 38. Nxe5 Nxe4 39. Nxe4 Rxe5 40. Qf3 Ng6
41. Bd4 Rf5 42. Qe2 c5 43. Bxc5 Bxc5 44. g4 Re5 45. Re1 Ba7 46. Qf3 Qxb2 0-1

[Event "Titled Tue 17th Jun Early"]
[Site "chess.com INT"]
[Date "2025.06.17"]
[Round "7"]
[White "Oro, Faustino"]
[Black "Stanojevic, Ilija"]
[Result "1-0"]
[WhiteTitle "IM"]
[BlackTitle "FM"]
[WhiteElo "2465"]
[BlackElo "2189"]
[WhiteFideId "20000197"]
[BlackFideId "959995"]
[EventDate "2025.06.17"]

1. e4 c5 2. Nf3 Nc6 3. Bb5 d6 4. O-O Bd7 5. Re1 a6 6. Bf1 e5 7. c3 g5 8. d3 g4
9. Nfd2 h5 10. Nc4 h4 11. f4 gxf3 12. Qxf3 b5 13. Ne3 Nf6 14. Nf5 Bxf5 15. Qxf5
Be7 16. Nd2 Qd7 17. Qxd7+ Kxd7 18. Nf3 Rag8 19. Be3 Ng4 20. Bd2 Rg6 21. a4 b4
22. d4 exd4 23. Bxa6 dxc3 24. bxc3 Bf6 25. Rac1 bxc3 26. Bxc3 Rhg8 27. Bb5 Nxh2
28. Nxh2 Rxg2+ 29. Kh1 Bxc3 30. Rxc3 Kc7 31. Bxc6 Kxc6 32. Nf3 h3 33. Rd1 h2 34.
Rcd3 R2g6 35. R3d2 Re8 36. Re2 Ra8 37. Ra1 Re6 38. a5 Rae8 39. a6 Kb6 40. a7 Ra8
41. Rb2+ Kc7 42. Ng5 Re7 43. Kxh2 Kc6 44. Kg3 Rexa7 45. Rd1 Ra3+ 46. Kf4 R8a4
47. Nxf7 d5 48. Ne5+ Kd6 49. Rxd5+ Ke6 50. Rb6+ Ke7 51. Rd7+ Ke8 52. Rb8# 1-0

[Event "Titled Tue 17th Jun Early"]
[Site "chess.com INT"]
[Date "2025.06.17"]
[Round "7"]
[White "Rogov, Matfey"]
[Black "Loskutova, Viktoriya"]
[Result "1-0"]
[WhiteTitle "FM"]
[BlackTitle "WFM"]
[WhiteElo "2348"]
[BlackElo "2092"]
[WhiteFideId "44191308"]
[BlackFideId "34166278"]
[EventDate "2025.06.17"]

1. Na3 Nf6 2. d4 d5 3. c4 c6 4. Nf3 g6 5. g3 Bg7 6. Bg2 O-O 7. O-O Bf5 8. Bf4
Nbd7 9. cxd5 cxd5 10. Rc1 a6 11. Bc7 Qe8 12. Ne5 Rc8 13. Qb3 b5 14. Qb4 Bh6 15.
e3 Nxe5 16. Bxe5 Ne4 17. Rxc8 Qxc8 18. Qxe7 Re8 19. Qc7 Qxc7 20. Bxc7 Nxf2 21.
Rxf2 Bxe3 22. Be5 Rc8 23. Bxd5 Bh3 24. Bxf7+ Kf8 25. Bb3+ Bxf2+ 26. Kxf2 Rc1 27.
Nc2 Bf5 28. Ne3 Bd7 29. Bf4 a5 30. Nd5 Rb1 31. Bd6+ Ke8 32. Ke3 Rxb2 33. Bc5 a4
34. Nf6+ Kd8 35. Bd5 b4 36. Ng8 Kc8 37. Ne7+ Kd8 38. Ng8 Kc8 39. Bc4 b3 40. Ne7+
Kd8 41. axb3 axb3 42. Nd5 Rxh2 43. Bb6+ Ke8 44. Bxb3 Rg2 45. Nf6+ Ke7 46. Ne4 h5
47. Bc5+ Kd8 48. Kf3 Rg1 49. Bb6+ 1-0

[Event "Titled Tue 17th Jun Early"]
[Site "chess.com INT"]
[Date "2025.06.17"]
[Round "7"]
[White "Ristic, Nebojsa M"]
[Black "Gu, Xiaobing"]
[Result "1-0"]
[WhiteTitle "IM"]
[BlackTitle "WGM"]
[WhiteElo "2248"]
[BlackElo "2148"]
[WhiteFideId "900850"]
[BlackFideId "8602611"]
[EventDate "2025.06.17"]

1. d4 Nf6 2. Bf4 g6 3. Nc3 Bg7 4. e4 d6 5. Qd2 c6 6. O-O-O b5 7. f3 b4 8. Nce2
a5 9. Bh6 Bxh6 10. Qxh6 Qb6 11. Nf4 Nbd7 12. Bc4 e5 13. Qg7 Rf8 14. dxe5 Nxe5
15. Qxf6 Nxc4 16. Nge2 a4 17. Rd4 Ba6 18. Rhd1 b3 19. Ne6 bxa2 20. Ng7+ Kd7 21.
Rxd6+ Kc7 22. Qe7+ Kc8 23. Qxf8+ Kb7 24. Rd7+ Qc7 25. Qb4+ Bb5 26. Rxc7+ Kb6 27.
Nc3 a1=Q+ 28. Nb1 Kxc7 29. Qe7+ Kb6 30. Qb4 Kc7 31. Qe7+ Kb6 32. Qb4 a3 33. bxa3
Nxa3 34. Rd2 Qxb1+ 35. Qxb1 Nxb1 36. Kxb1 Kc5 37. e5 Rg8 38. e6 Rxg7 39. e7 Rg8
40. Rd8 Bc4 41. Rxg8 f5 42. e8=Q Kb4 43. Rf8 Kc3 44. Qe7 Kd4 45. Qf6+ Kd5 46.
Rd8+ Kc5 47. Qd4+ Kb5 48. Rb8+ Ka6 49. Qb6# 1-0

[Event "Titled Tue 17th Jun Early"]
[Site "chess.com INT"]
[Date "2025.06.17"]
[Round "7"]
[White "Mompel Ferruz, Xavier"]
[Black "Montejo Bello, Lorena Beatriz"]
[Result "0-1"]
[WhiteTitle "FM"]
[BlackTitle "WFM"]
[WhiteElo "2342"]
[BlackElo "2090"]
[WhiteFideId "54585775"]
[BlackFideId "3529045"]
[EventDate "2025.06.17"]

1. e4 e5 2. Nf3 Nc6 3. Bb5 a6 4. Ba4 Nf6 5. O-O Be7 6. d3 b5 7. Bb3 d6 8. c3 O-O
9. h3 Na5 10. Bc2 c5 11. Re1 Nc6 12. Nbd2 h6 13. Nf1 Be6 14. Ng3 Re8 15. a4 Bf8
16. Bb3 d5 17. axb5 axb5 18. Rxa8 Qxa8 19. exd5 Bxd5 20. Nf5 Qc8 21. Ne3 Bxb3
22. Qxb3 b4 23. Nd5 Nxd5 24. Qxd5 bxc3 25. bxc3 Rd8 26. Qe4 f5 27. Qc4+ Kh8 28.
Nxe5 Nxe5 29. Rxe5 Qb8 30. Bf4 Qb1+ 31. Kh2 Qxd3 32. Qxd3 Rxd3 33. Rxf5 Kg8 34.
Be5 Be7 35. g4 Rd2 36. Kg3 Re2 37. f4 g6 38. Rf6 Bxf6 39. Bxf6 Kf7 40. Be5 c4
41. Kf3 Rd2 42. Ke4 Rd3 43. Bd4 Rxh3 44. f5 gxf5+ 45. gxf5 Rd3 46. Kf4 h5 47.
Be5 h4 48. Kg4 h3 49. Kh4 Re3 50. Bh8 Rf3 51. Be5 Rxf5 52. Bh2 Rf3 53. Be5 Ke6
54. Bb8 Rxc3 0-1

[Event "Titled Tue 17th Jun Early"]
[Site "chess.com INT"]
[Date "2025.06.17"]
[Round "7"]
[White "Andreikin, Dmitry"]
[Black "Sorokin, Aleksey"]
[Result "1/2-1/2"]
[WhiteTitle "GM"]
[BlackTitle "GM"]
[WhiteElo "2695"]
[BlackElo "2530"]
[WhiteFideId "4158814"]
[BlackFideId "24176460"]
[EventDate "2025.06.17"]

1. Nf3 Nf6 2. c4 e6 3. Nc3 d5 4. e3 Be7 5. b3 O-O 6. Bb2 c5 7. cxd5 Nxd5 8. h4
Nc6 9. Qc2 Nxc3 10. Bxc3 h6 11. Bc4 Bf6 12. Ng5 Bxg5 13. hxg5 Qxg5 14. O-O-O e5
15. g4 Be6 16. Bxe6 fxe6 17. Qe4 Rxf2 18. Rh5 Qf6 19. g5 Qf5 20. Qh4 Nb4 21. e4
Qf4 22. gxh6 Qxh4 23. Rxh4 Nxa2+ 24. Kc2 Nxc3 25. Kxc3 g6 26. Kc4 b6 27. Kb5 Kh7
28. Kc6 Rd8 29. Ra1 Rf7 30. Rh2 Rd4 31. Ra4 Rxa4 32. bxa4 g5 33. Kd6 Rf6 34. Ke7
Rxh6 35. Rg2 Rg6 36. Kf7 g4 37. Rh2+ Rh6 38. Rg2 Rh4 39. Kxe6 Kg6 40. Kxe5 Kg5
41. Kd6 Rh6+ 42. Kd5 Kf4 43. e5 g3 44. e6 Rxe6 45. Kxe6 Kf3 46. Rg1 Kf2 47. Ra1
g2 48. Kd5 g1=Q 49. Rxg1 Kxg1 50. a5 Kf2 51. a6 Ke2 52. Kc6 Kxd2 53. Kb7 c4 54.
Kxa7 c3 55. Kxb6 c2 56. a7 c1=Q 57. a8=Q Qb2+ 58. Kc7 Qc3+ 59. Qc6 Qxc6+ 60.
Kxc6 1/2-1/2

[Event "Titled Tue 17th Jun Early"]
[Site "chess.com INT"]
[Date "2025.06.17"]
[Round "7"]
[White "Medina, VInce Angelo"]
[Black "Tristan, Leonardo"]
[Result "0-1"]
[BlackTitle "GM"]
[WhiteElo "2138"]
[BlackElo "2536"]
[WhiteFideId "5205069"]
[BlackFideId "113816"]
[EventDate "2025.06.17"]

1. d4 d5 2. Bg5 h6 3. Bh4 c6 4. e3 Qb6 5. Qc1 e5 6. Nf3 Nd7 7. Be2 Ne7 8. Bxe7
Bxe7 9. dxe5 Qc7 10. c4 dxc4 11. Qc3 b5 12. e6 Nf6 13. exf7+ Kxf7 14. Ne5+ Ke8
15. Ng6 Rg8 16. Nxe7 Qxe7 17. O-O Be6 18. Nd2 Nd5 19. Qe5 Bf7 20. Qd4 c5 21. Qe4
Rd8 22. Qxe7+ Kxe7 23. Ne4 Rc8 24. a4 Bg6 25. Bf3 b4 26. Rfc1 c3 27. Ra2 b3 28.
Ra3 cxb2 29. Rb1 Bxe4 30. Bxe4 Nc3 31. Rxb2 Nxe4 32. Raxb3 Rc7 33. Rb7 Rc8 34.
f3 Nd6 35. R7b3 c4 36. Rc3 Rb7 37. Rbc2 Rb3 38. Kf2 Rxc3 39. Rxc3 Rb8 40. e4 Rb3
41. Rc2 Ke6 42. h4 h5 43. Kg3 Ke5 44. Rd2 c3 45. Rd5+ Ke6 46. Rxh5 Nb7 47. Rh8
Kd7 48. Rh7 c2 49. Rxg7+ Kc6 50. Rg6+ Nd6 51. e5 c1=Q 52. Rxd6+ Kc7 53. Rd4 Qe1+
54. Kh3 Qxe5 55. Rg4 Rb1 56. f4 Qf5 0-1

[Event "Titled Tue 17th Jun Early"]
[Site "chess.com INT"]
[Date "2025.06.17"]
[Round "7"]
[White "Domin, Yan"]
[Black "Laddha, Shubh Jayesh"]
[Result "1/2-1/2"]
[WhiteTitle "FM"]
[BlackTitle "FM"]
[WhiteElo "2222"]
[BlackElo "2303"]
[WhiteFideId "34169342"]
[BlackFideId "30942799"]
[EventDate "2025.06.17"]

1. e4 e5 2. Nc3 Nf6 3. Nf3 Nc6 4. a4 d5 5. exd5 Nxd5 6. Bb5 Nxc3 7. bxc3 Bd6 8.
O-O O-O 9. Re1 Bg4 10. h3 Bh5 11. g4 Bg6 12. Bxc6 bxc6 13. Nxe5 Bxe5 14. Rxe5
Qh4 15. Qf3 Rfe8 16. d4 f6 17. Re3 Bxc2 18. Qxc6 Bg6 19. Qf3 Rab8 20. Rxe8+ Rxe8
21. Bf4 Be4 22. Qg3 Qxg3+ 23. Bxg3 c6 24. a5 Bd5 25. a6 Re2 26. Bd6 Ra2 27. Rb1
Rxa6 28. Rb8+ Kf7 29. Kh2 Ra1 30. Bc5 g5 31. Rb7+ Kg6 32. f3 Bxf3 33. Kg3 Bd5
34. Rxa7 Rc1 35. Bb4 h5 36. Bf8 f5 37. Rg7+ Kf6 38. gxh5 Rc2 39. h4 f4+ 40. Kg4
Rg2+ 41. Kh3 f3 42. hxg5+ Rxg5 43. Rxg5 Kxg5 44. Kg3 Kxh5 45. Bb4 Kg6 46. Kf2
Kf5 47. Bc5 Ke4 48. Ba7 Kd3 49. Bc5 Kxc3 50. Ba7 Kc4 51. Bc5 Kb5 52. Ba7 Ka5 53.
Bc5 Ka6 54. Bd6 Kb5 55. Bc5 Kc4 56. Ba7 Kd3 57. Bc5 Ke4 58. Ba7 Kf5 59. Bc5 Kg4
60. Bb6 Be4 61. Bc5 Kf5 62. Bb6 Ke6 63. Bc5 Kd5 64. Bb6 Kc4 65. Bc5 Kb5 66. Ba7
Bd5 67. Bc5 Ka6 68. Ke3 Kb5 69. Kf2 1/2-1/2

[Event "Titled Tue 17th Jun Early"]
[Site "chess.com INT"]
[Date "2025.06.17"]
[Round "7"]
[White "Mateus, Martha"]
[Black "Bratovic, Blaz"]
[Result "1-0"]
[WhiteTitle "WIM"]
[BlackTitle "IM"]
[WhiteElo "1972"]
[BlackElo "2319"]
[WhiteFideId "4401549"]
[BlackFideId "14603551"]
[EventDate "2025.06.17"]

1. d4 f5 2. c4 Nf6 3. Nf3 e6 4. g3 d5 5. Bg2 c6 6. O-O Bd6 7. b3 Qe7 8. Bb2 Nbd7
9. Qc1 Ne4 10. Ba3 Bxa3 11. Nxa3 O-O 12. e3 a5 13. Nc2 a4 14. Nce1 dxc4 15. bxc4
e5 16. Nd3 exd4 17. exd4 a3 18. Re1 Qf6 19. Nfe5 Nxe5 20. dxe5 Qd8 21. Qc2 Qd4
22. Rad1 Be6 23. c5 Nc3 24. Ra1 Bxa2 25. Nf4 Bc4 26. Rec1 Qxe5 27. Qxc3 Qxc3 28.
Rxc3 Bf7 29. Rcxa3 Rab8 30. Re3 Rfe8 31. Rxe8+ Bxe8 32. Rb1 g5 33. Nd3 Bf7 34.
Ne5 Be8 35. Nxc6 Rc8 36. Ne7+ Kf8 37. Nxc8 Bd7 38. Nb6 Be6 39. Nc4 Bxc4 40. Rxb7
Ke8 41. Rb8+ Kd7 42. c6+ Kc7 43. Rb7+ Kc8 44. Rxh7 Bb5 45. c7 Be8 46. Bd5 Bd7
47. Rg7 Kxc7 48. Be6 Kc6 49. Bxd7+ Kd6 50. Bxf5 g4 51. Bxg4 1-0